Újabb források a Római Birodalom és India közötti kereskedőkről

There are few literary sources for traders between the Roman Empire and India. Papyrological, epigraphical, and juridical sources are available, but these sources are often equivocal. In the past decades several papyri, ostraca and inscriptions with records proving transit trade have surfaced in Egy...

Teljes leírás

Elmentve itt :
Bibliográfiai részletek
Szerző: Székely Melinda
Dokumentumtípus: Könyv része
Megjelent: JATEPress Szeged 2008
Sorozat:Bölcsészműhely
Bölcsészműhely, 2007
Kulcsszavak:Kereskedelem - Római Birodalom-India - ókor
Tárgyszavak:
Online Access:http://acta.bibl.u-szeged.hu/75726
LEADER 02538naa a2200229 i 4500
001 acta75726
005 20220518084029.0
008 220518s2008 hu o 0|| hun d
040 |a SZTE Egyetemi Kiadványok Repozitórium  |b hun 
041 |a hun 
041 |a eng 
100 1 |a Székely Melinda 
245 1 0 |a Újabb források a Római Birodalom és India közötti kereskedőkről  |h [elektronikus dokumentum] /  |c  Székely Melinda 
260 |a JATEPress  |b Szeged  |c 2008 
300 |a 161-172 
490 0 |a Bölcsészműhely 
490 0 |a Bölcsészműhely, 2007 
520 3 |a There are few literary sources for traders between the Roman Empire and India. Papyrological, epigraphical, and juridical sources are available, but these sources are often equivocal. In the past decades several papyri, ostraca and inscriptions with records proving transit trade have surfaced in Egypt. In 1980 a papyrus was found in Alexandria, and it was published in Vienna 5 years later (1985). The papyrus proves that by the 2nd century A.D. the merchants of the Roman Empire had learnt the precise trade route from Alexandria to Coptos, from Coptos across the desert to a port on the Red Sea, and further on to India. According to the text, the long and dangerous route was planned cautiously. The papyrus records the lend-lease contract of a vessel, which reveals the existence and use of sophisticated legal transactions. The Red Sea trade was very profitable, therefore we should not suppose that wealthy Romans from the higher ranks of society had no interest in it. However, lex Claudia from 218 B.C. made it impossible for senators to own commercial vessels that could potentially carry more than 300 amphoras. This way aristocrats were theoretically banned from longdistance sea trade. Nevertheless, the letters of Cicero mention two senators whose commercial connections can be proved. Archaeological findings also support the involvement of senators in trade. On the basis of the sources we can conclude that the trade between India and the Roman Empire was arranged by individuals. Tax records, inscriptions, papyri and ostraca suggest that marine companies operated on the Red Sea. Inscriptions in Indian languages and scripts found in Egypt attest to the presence of Indian merchants in the Roman Empire. 
650 4 |a Bölcsészettudományok 
650 4 |a Történettudomány és régészet 
695 |a Kereskedelem - Római Birodalom-India - ókor 
856 4 0 |u http://acta.bibl.u-szeged.hu/75726/1/bolcseszmuhely_2007_161-172.pdf  |z Dokumentum-elérés